La via per l'Oxiana /

Uloženo v:
Podrobná bibliografie
Hlavní autor: Byron, Robert (Autor)
Další autoři: Chatwin, Bruce
Médium: Kniha
Jazyk:italština
Vydáno: Milano : Adelphi, [1993]
Edice:Biblioteca Adelphi ; 271
Témata:
Tagy: Přidat tag
Žádné tagy, Buďte první, kdo vytvoří štítek k tomuto záznamu!

MARC

LEADER 00000nam a22000007i 4500
001 IT\ICCU\LO1\0309814
003 ItRI
005 20250215220911.0
008 930813s1993 it |||||| ||||| |||||c
020 |a 8845909875 
040 |b ita  |c ARCIGAY RIMINI 
041 7 |a ita  |2 ISO-639-2 
082 |a 915.0441  |2 20 
100 1 |a Byron, Robert  |0 IT\ICCU\LO1V\133268  |4 aut 
240 1 4 |a The road to Oxiana  |9 Byron, Robert 
245 1 3 |a La via per l'Oxiana /  |c Robert Byron ; con un saggio di Bruce Chatwin. 
260 |a Milano :  |b Adelphi,  |c [1993] 
300 |a 401 p. :  |b c. geogr. ;  |c 22 cm. 
650 7 |a Asia  |x 1933-1934  |x Descrizioni e viaggi  |2 scbi 
700 1 |a Chatwin, Bruce  |0 IT\ICCU\CFIV\003042 
752 |a it   |d Milano 
830 0 |a Biblioteca Adelphi ;  |v 271  |0 IT\ICCU\CFI\0014578 
942 |2 ddc  |c BK 
952 |0 0  |1 0  |2 ddc  |4 0  |6 915_044000000000000_BYR_VIA  |7 1  |9 3195  |a RN  |b RN  |d 2025-02-15  |l 0  |o 915.044 BYR VIA  |p 10460  |r 2025-02-15 22:09:46  |w 2025-02-15  |x Donazione di Giovanni Rimondini  |y BK  |z Donazione di Giovanni Rimondini 
981 1 |6 z01  |a i   |b xxxe  
982 1 |6 z01  |a n 
999 |c 2574  |d 2574